| 000 | nam a22 a 4500 | ||
|---|---|---|---|
| 999 |
_c4652 _d4652 |
||
| 005 | 20170726153750.0 | ||
| 008 | 170726s2005 -uk||||| |||| 00| 0 eng d | ||
| 020 | _a9781447263272 | ||
| 040 | _aAKMAL | ||
| 082 | _a658.406 KOT | ||
| 090 |
_a658.406 _bKOT |
||
| 100 | 1 |
_aKotter, John P., _d1947- _95751 |
|
| 245 | 1 | 0 |
_aOur iceberg is melting : _bchanging and succeeding under any conditions / _cby John Kotter and Holger Rathgeber with artwork by Peter Mueller. |
| 260 | 1 |
_aLondon : _bMacmillan, _c2013. |
|
| 300 |
_a147pages _bcol. ill. _c22cm |
||
| 650 | 7 |
_aSkills _2bisacsh _91435 |
|
| 650 | 0 |
_aOrganizational change _xManagement. _91033 |
|
| 650 | 0 |
_aChange (Psychology) _98939 |
|
| 650 | 7 |
_aBusiness & Management _2bicssc _98963 |
|
| 700 | 1 |
_aRathgeber, Holger. _98964 |
|
| 942 |
_2ddc _cBOOK |
||
| 950 | _lAKMAL | ||